Good governance: relevance of socio-economic rights (Record no. 60136)

000 -LEADER
fixed length control field 01610pab a2200181 454500
008 - FIXED-LENGTH DATA ELEMENTS--GENERAL INFORMATION
fixed length control field 180718b2004 xxu||||| |||| 00| 0 eng d
100 ## - MAIN ENTRY--PERSONAL NAME
Personal name Sastry, T.S.N.
245 ## - TITLE STATEMENT
Title Good governance: relevance of socio-economic rights
260 ## - PUBLICATION, DISTRIBUTION, ETC.
Date of publication, distribution, etc. 2004
300 ## - PHYSICAL DESCRIPTION
Extent p.285-291.
362 ## - DATES OF PUBLICATION AND/OR SEQUENTIAL DESIGNATION
Dates of publication and/or sequential designation Jan-Mar
520 ## - SUMMARY, ETC.
Summary, etc. Social and economic rights are the vital components for sustainable development of a nation. The development of a people revolves around the promotion, protection and augmentation of these rights in their true perspective. The Constitution of India also exactly advocates the same. But unfortunately even after five and half decades of independence we have miserably failed in understanding the aspirations of the Constitutional framers and still remain only as a developing state. This is because of the sectarian policies pursued by the political parties for their own survival and a lack of commitment on the part of successive governments towards the concept of good governance. As a result the polity is found grappling with rich variety of poverty related problems. an attempt is made in this article to comprehend the significance of social economic rights in realising aspirations of the constitution through the concept of good governance. An attempt is made in this article to comprehend the significance of social economic rights in realising the aspirations of the Constitution through the concept of good governance. - Reproduced.
650 ## - SUBJECT ADDED ENTRY--TOPICAL TERM
Topical term or geographic name entry element Social and economic rights
650 ## - SUBJECT ADDED ENTRY--TOPICAL TERM
Topical term or geographic name entry element Good governance
773 ## - HOST ITEM ENTRY
Main entry heading Indian Journal of Public Administration
908 ## - PUT COMMAND PARAMETER (RLIN)
Put command parameter N
909 ## -
-- 60136
Holdings
Withdrawn status Lost status Damaged status Not for loan Permanent Location Current Location Date acquired Serial Enumeration / chronology Barcode Date last seen Price effective from Koha item type
        Indian Institute of Public Administration Indian Institute of Public Administration 2018-07-19 Volume no: 50, Issue no: 1 AR60581 2018-07-19 2018-07-19 Articles

Powered by Koha